Statistics for Tracklist Quiz - Eternal Sunshine Album

Click here to take the quiz!

General Stats

  • This quiz has been taken 38 times
  • The average score is 13 of 13

Answer Stats

Tracks% Correct
intro (end of the world)
100%
ordinary thingsfeat. "Nonna" Marjorie Grande
100%
we can't be friends (wait for your love)
100%
yes, and?
100%
bye
97%
eternal sunshine
97%
imperfect for you
97%
i wish i hated you
97%
supernatural
97%
don't wanna breakup again
93%
Saturn Returns Interlude
93%
the boy is mine
93%
true story
93%

Score Distribution

Percentile by Number Answered

Percent of People with Each Score

Your Score History

You have not taken this quiz